Дело о выкупе земельных наделов временнообязанными крестьянами Е.П. Ферапонтовой сельца Исаевки Елецкого уезда Орловской губерни...

Доступно только в Электронных читальных залах Найти на картеНа карте
RUSMARC
00004074nmc2a2200000 x 450
001e3cab967-a205-4e64-81c3-21c39b81c6e8
00520170112232741.0
100##$a20140328l18871887k l0rusy0189 ca
1010#$arus
102##$aRU
2001#$aДело о выкупе земельных наделов временнообязанными крестьянами Е.П. Ферапонтовой сельца Исаевки Елецкого уезда Орловской губернии
$j24 января - 27 октября 1887 г.
251##$cДело
300##$aДело
300##$aОриг. заголовок дела: Дело Ферапонтовой Е.П. Орловской губернии Елецкого уезда селения Исаевки. 24 января 1887 г. - 27 октября 1887 г
801#0$aRU
$bРГИА
$c20140328
$gRCR
801#1$aRU
$bГлавНИВЦ
$c20140328
$2rusmarc
801#2$aRU
$bПБ им. Б.Н. Ельцина
$c20170112
$gRCR
$2rusmarc
850##$aРГИА
852##$aРГИА
$eФедеральное казенное учреждение "Российский государственный исторический архив" (РГИА)
$j1000
937##$hРГИА
$d11017428
$aASBIBLIO_SCAN
462#0$10012327ab3a-0548-404e-b4cb-e37355ac5039
$12001
$a1863-1889 гг.
$1251
$cОпись
$1852
$j26
461#0$10018ef30ad5-ff5c-4840-a721-74c62a200f95
$12001
$aГлавное выкупное учреждение Министерства финансов
$1251
$cФонд
$1852
$j577
215##$a34 л.
$d36,5x26 см
371##$aДокумент не является опубликованным и широко распространяемым
105##$aу###
1222#$ad
5171#$aДело Ферапонтовой Е.П. Орловской губернии Елецкого уезда селения Исаевки. 24 января 1887 г. - 27 октября 1887 г
035##$ae3cab967-a205-4e64-81c3-21c39b81c6e8
856##$uhttp://readingroom.main.prlib.ru/item.aspx?id_node=n94201441&mode=full
Формат отображения